Southville International School and Colleges
Your cart is empty.
  • Cart
  • Lists
    Public lists Eva Luna New books Lux_list list_1
    Your lists Log in to create your own lists
  • Log in to your account
  • Your cookies
  • Search history
Southville International School and Colleges
  • Advanced search
  • Recent comments
  • Most popular
  • Libraries

Log in to your account

Log in with GOOGLE


If you do not have an external account, but do have a local account, you can still log in:

  1. Home
  2. MARC view: Watch out for banana peels /
Normal view MARC view ISBD view

Watch out for banana peels / (Record no. 105099)

[ view plain ]
MARC details
000 -LEADER
fixed length control field 00706nam a2200193 a 4500
005 - DATE AND TIME OF LATEST TRANSACTION
control field 20140412111339.0
008 - FIXED-LENGTH DATA ELEMENTS--GENERAL INFORMATION
fixed length control field 040902s19uu xx 00 eng d
020 ## - INTERNATIONAL STANDARD BOOK NUMBER
International Standard Book Number 0-375-80482-x
050 ## - LIBRARY OF CONGRESS CALL NUMBER
Classification number ER
Item number Wa11 2000
100 ## - MAIN ENTRY--PERSONAL NAME
Personal name Albee, Sarah
245 ## - TITLE STATEMENT
Title Watch out for banana peels /
Statement of responsibility, etc Sarah Albee.
260 ## - PUBLICATION, DISTRIBUTION, ETC. (IMPRINT)
Place of publication, distribution, etc Canada :
Name of publisher, distributor, etc Random house,
Date of publication, distribution, etc 2000.
300 ## - PHYSICAL DESCRIPTION
Extent unp.
440 ## - SERIES STATEMENT/ADDED ENTRY--TITLE
Title Sesame street
520 ## - SUMMARY, ETC.
Summary, etc Officer grover and safety deputy Elmo share helpful safety tips about avoiding injuries, crossing the street, cleaning up spills, being careful in the kitchen and outdoors, and more.
650 ## - SUBJECT ADDED ENTRY--TOPICAL TERM
Topical term or geographic name as entry element Safety education-Juvenile literature
650 ## - SUBJECT ADDED ENTRY--TOPICAL TERM
Topical term or geographic name as entry element Children's accident Prevention
Holdings
Withdrawn status Lost status Damaged status Home library Current library Shelving location Date acquired Source of acquisition Cost, normal purchase price Total Checkouts Full call number Barcode Date last seen Price effective from Koha item type
      Elizalde Library Elizalde Library Easy Reading Section 09/02/2004   50.00   ER Wa11 2000 E9409 04/12/2014 04/12/2014 Books

Watch out for banana peels /

APA

Albee S., . (2000). Watch out for banana peels. Canada: Random house.

Chicago

Albee Sarah, . 2000. Watch out for banana peels. Canada: Random house.

Harvard

Albee S., . (2000). Watch out for banana peels. Canada: Random house.

MLA

Albee Sarah, . Watch out for banana peels. Canada: Random house. 2000.

  • Place hold
  • Print
  • Cite
  • Add to your cart (remove)
  • Save record
    BIBTEX Dublin Core MARCXML MARC (non-Unicode/MARC-8) MARC (Unicode/UTF-8) MARC (Unicode/UTF-8, Standard) MODS (XML) RIS
  • More searches
    Search for this title in:
    Other Libraries (WorldCat) Other Databases (Google Scholar) Online Stores (Bookfinder.com) Open Library (openlibrary.org)

Exporting to Dublin Core...

SOUTHVILLE LIBRARY

Southville International School and Colleges Library

1281 Tropical Ave. Cor. Luxembourg St., BF Homes International, Las Pinas City

Tel. No. 8256374 / 252358 Loc. 117/146

Powered by Koha